| 000 | 00842nam a2200265Ia 4500 | ||
|---|---|---|---|
| 003 | OSt | ||
| 005 | 20221005071312.0 | ||
| 006 | a|||||r|||| 00| 0 | ||
| 007 | ta | ||
| 008 | 221004b |||||||| |||| 00| 0 eng d | ||
| 020 |
_a8173052646 _c1950 |
||
| 024 | _a83988 | ||
| 037 |
_b371, 28/03/2006, Shiv Shakti Book Distributors _cTextual |
||
| 040 |
_aCRL _cCRL _beng |
||
| 041 |
_2eng _aeng |
||
| 082 | _aN491:g(Q4), P4;1 | ||
| 100 | _aSharma R C Ed. | ||
| 245 | 0 | _aBuddhism and Gandharana art edited by R. C. Sharma | |
| 260 |
_aNew Delhi _bAryan Books International India _c2004 |
||
| 300 |
_a216p. Illus.16 22cmx28cm _ccm. |
||
| 650 | _a ARTS | ||
| 650 |
_aBUDDHIST ART _937382 |
||
| 942 |
_hN491:g(Q4), P4;1 _cTEXL _2cc |
||
| 999 |
_c977624 _d977624 |
||